Is it in Russia? Sudden Death + Whammies - Statistics

General Stats
  • This quiz has been taken 42 times
  • The average score is 21 of 23
Answers on the Grid
Answers color-coded by a green-red scale on the quiz's grid according to % correct below.
Tivoli Gardens
Yekaterinburg
the Kremlin
Tibet
Novosibirsk
Tiananmen Square
Siberia
Ural Mountains
Red Square
mountain zebras
Arctic Ocean
Lake Baikal
Volga River
Lviv
polar bears
reindeer
crude oil, natural gas, and coal fields
Terracotta Army
Danube River
an exclave between Poland and Lithuania
Kazan
Moscow
Kamchatka Peninsula
leopards and tigers
world's largest indoor bicycling park
St. Basil's Cathedral
active volcanos
Hermitage Museum
land 2.5 miles from US land
Bolshoi Ballet
Sydney Opera House
St. Petersburg
 
Answer Stats
Answer % Correct
Novosibirsk
98%
Red Square
98%
Siberia
98%
St. Petersburg
98%
Volga River
98%
Moscow
95%
the Kremlin
95%
Bolshoi Ballet
93%
crude oil, natural gas, and coal fields
93%
Kamchatka Peninsula
93%
Kazan
93%
reindeer
93%
land 2.5 miles from US land
90%
polar bears
90%
Yekaterinburg
90%
an exclave between Poland and Lithuania
88%
Arctic Ocean
88%
Lake Baikal
88%
Ural Mountains
88%
St. Basil's Cathedral
85%
leopards and tigers
83%
active volcanos
78%
Hermitage Museum
70%
No matching quizzes found
Score Distribution
Percent of People with Each Score
Percentile by Number Answered
Your Score History
You have not taken this quiz